000 00973amm a2200277 4500
008 130709s2013 o cat d
041 _acat
041 _bspa
041 _beng
080 _a615(038)
110 _aUniversitat de Barcelona. Facultat de Farmàcia. Comissió de Normalització Lingüística
_967202
245 _aVocabulari de farmàcia galènica
_h[en línia]
_cComissió de Dinamització Lingüística de la Facultat de Farmàcia. Universitat de Barcelona
250 _a2a ed.
260 _aBarcelona
_bUniversitat de Barcelona. Serveis Lingüístics
_c2013
500 _aCategoria gramatical, sinònims
520 _aaprox. 250
592 _aObra terminològica
593 _aEQ
650 _afarmàcia galènica
_967204
650 _afarmacologia
_961777
856 _uhttps://www.ub.edu/ubterm/obra/farmacia-galenica/
901 _c<2013>
902 _a130709
942 _cMO
_n0
_2ddc
999 _c68363
_d68363